La existencia de la propiedad en el antiguo Imperio de los Incas

Збережено в:
Бібліографічні деталі
Автор: Latcham Cartwright, Ricardo Eduardo (Автор)
Формат: Книга
Мова:Іспанська
Опубліковано: Santiago Imprenta i Litografía Universo 1923
Редагування:1a. ed
Предмети:
Теги: Додати тег
Немає тегів, Будьте першим, хто поставить тег для цього запису!

MARC

LEADER 00000nam a2200000 a 4500
001 UCJ5155
003 CL-VaPUC
008 070124e19230823CL |||||||||||||||||spa|d
082 0 4 |a 985  |b LAT  |2 21 
100 |a Latcham Cartwright, Ricardo Eduardo   |e author  |9 320332 
245 1 3 |a La existencia de la propiedad en el antiguo Imperio de los Incas 
250 |a 1a. ed 
300 |a 68 p 
942 |c BK 
945 |d 20070124 00:00:00  |a rinostro 
260 |a Santiago  |b Imprenta i Litografía Universo  |c 1923 
650 7 |a INCAS  |2 CL-VaPUC  |9 256565 
650 0 |a Cultura  |9 269059 
650 0 |a Propiedad   |9 255268 
651 0 |a Perú  |9 256567 
583 |a last modification  |c 20070124 00:00:00  |k Rodrigo Vera 
999 |c 321268  |d 321266 
952 |0 0  |1 0  |4 0  |6 985_000000000000000_LAT_1923  |7 0  |8 X  |9 399969  |a FDOBUD  |b FDOBUD  |d 2019-11-22  |i 1030663  |o 985 LAT 1923  |p 1030663  |r 2019-11-22  |w 2019-11-22  |y BK_X  |k BUD